000 00602nam a2200229Ia 4500
003 OSt
005 20221005114716.0
006 a|||||r|||| 00| 0
007 ta
008 221004b |||||||| |||| 00| 0 tam d
024 _a50785
037 _cTextual
040 _aCRL
_cCRL
_btam
041 _2tam
_atam
082 _aNR44,31, 31J0
100 _aVaragunapandiyan Au.
_9626393
245 0 _aBanar kaivaizhi enappadum yazhnool
260 _c1950
650 _aINDIAN MUSIC
_9589753
942 _hNR44,31, 31J0
_cTEXL
_2cc
999 _c1032138
_d1032138